Logo BPK

Biblioteka

Politechniki Koszalińskiej

Niemcy w świetle faktów i liczb / (Rekord nr 31471)

Szczegóły MARC
000 -ETYKIETA REKORDU
podpole kontrolne o stałej długości 00600nam a2200193 i 4500
001 - NUMER KONTROLNY REKORDU
pole kontrolne bg
020 ## - MIĘDZYNARODOWY ZNORMALIZOWANY NUMER KSIĄŻKI - ISBN
ISBN 3797305346
040 ## - ŹRÓDŁO KATALOGOWANIA
Instytucja, która utworzyła rekord BPK
041 1# - KOD JĘZYKA
Kod języka tekstu pl
Kod języka oryginału dede
080 ## - UNIWERSALNA KLASYFIKACJA DZIESIĘTNA - UKD
UKD 914.301
920 ## - Międzynarodowy znormalizowany numer książki – ISBN
ISBN 3-79-73-0534-6
008 - POLE O STAŁEJ DŁUGOŚCI - DANE KONTROLNE
podpole kontrolne o stałej długości s pl f |000 0 pol
245 00 - TYTUŁ/ODPOWIEDZIALNOŚĆ
Tytuł Niemcy w świetle faktów i liczb /
Pozostałe elementy strefy tytułu i oznaczenia odpowiedzialności [przekł. z niem. Christoph Schuwalski.
260 ## - STREFA ADRESU WYDAWNICZEGO
Miejsce wydania [Frankfurt n. Menem :
Nazwa wydawcy/dystrybutora Societäts-Verl.,
Data publikacji, dystrybucji/powstania dokumentu 1993].
300 ## - STREFA OPISU FIZYCZNEGO
Objętość 414, [1] s. :
Inne cechy fizyczne fot., mapy, rys., wykr. (w tym kolor.) ;
Rozmiary 19 cm +
Dokument towarzyszący Przegląd struktur federalnych i krajowych.
504 ## - UWAGA DOTYCZĄCA BIBLIOGRAFII
Informacje o bibliografii Indeks.
651 #9 - HASŁO PRZEDMIOTOWE W FORMIE NAZWY GEOGRAFICZNEJ
Nazwa geograficzna Niemcy
856 ## - LOKALIZACJA I DOSTĘP DO ELEKTRONICZNYCH DOKUMENTÓW ZDALNYCH
Link (URL) http://koha.tu.koszalin.pl/cgi-bin/koha/opac-detail.pl?biblionumber=31471
Tekst linku Katalog online BPK
942 ## - DODATKOWE ELEMENTY (KOHA)
Typ dokumentu Książka
Egzemplarze
Wycofany Status egzemplarza Uszkodzony Dostępność Lokalizacja stała Lokalizacja bieżąca Miejsce przechowywania Sygnatura Kod kreskowy Dział Typ dokumentu
      Tylko na miejscu Biblioteka Politechniki Koszalińskiej Biblioteka Politechniki Koszalińskiej Czytelnia BG 38849 01267211 91 Geografia Książka
© 2023 Biblioteka Politechniki Koszalińskiej :: KOHA